000 00320nam a2200133Ia 4500
005 20251222155104.0
008 251222s9999||||xx |||||||||||||| ||spa||
082 _aANT.12
100 _aAGÜERO JURADO Gottardo.
245 0 _aEl Médico Sanitario de los Andes
250 _aNo ed.
264 _bNo tiene
942 _cLIB
999 _c37772
_d37772